00524nam a2200193 a 450000100060000000300090000600800410001502000150005604000280007108200180009910000250011724500400014226000500018230000110023249000300024365000240027365000250029765000080032218971CO-ViMGA141112s2004 ck r 000 u spa d a9681652215 aCO-ViMGAbspacCO-ViMGA04a535.326 R849t1 aRuiz Mejía, Carlos10aTrampas de luz - Ciencia para todos aMexico : bFondo de Cultura Económica; 1997 a205 p. aLa Ciencia para todos; 2714aABSORCION DE LA LUZ14aATOMOS DE LA MATERIA14aLUZ